| 000 | 00815cab a2200241 4500 | ||
|---|---|---|---|
| 001 | ABS44458 | ||
| 008 | 090401t1991 xxu||||| |||| 00| 0 eng d | ||
| 035 | _a(Sirsi) u47237 | ||
| 041 | _aeng | ||
| 100 | _aDimoldenberg, P. | ||
| 245 | _aPutting cities back on the map with citizens | ||
| 260 | _c1991 | ||
| 350 | _a0 | ||
| 490 |
_aPlanning (for the Natural and Built Environment) _v(911) 29 March 1991, 19 (1) |
||
| 520 | _aCampaigns for local government to take the lead in promoting Britain`s provincial cities in the face of Europe an competition, which will require investment in services and environment al issues. | ||
| 650 | _aECONOMICS | ||
| 650 | _aMARKETING | ||
| 650 | _aPROVINCES | ||
| 650 | _aUNITED KINGDOM | ||
| 690 | _aPLANNING LAW AND PRACTICE | ||
| 942 | _n0 | ||
| 948 | _c04/03/1997 | ||
| 999 |
_c29794 _d29794 |
||